| 000 | 01018nam a2200265Ia 4500 | ||
|---|---|---|---|
| 003 | OSt | ||
| 005 | 20221005103944.0 | ||
| 006 | a|||||r|||| 00| 0 | ||
| 007 | ta | ||
| 008 | 221004b |||||||| |||| 00| 0 hin d | ||
| 020 |
_a9788179171363 (hbk) _c450 |
||
| 024 | _a102633 | ||
| 037 |
_b373, 04/03/2010, Swaraj Prakashan _cTextual |
||
| 040 |
_aCRL _cCRL _bhin |
||
| 041 |
_2hin _ahin |
||
| 082 | _a4,1, 152Q0 | ||
| 100 | _aपोस्टर, मार्क | ||
| 245 | 0 | _aआज की दुनिया में सूचना पद्धति | |
| 246 | _aĀj kī duniyā mean sūchanā paddhati | ||
| 260 |
_aदिल्ली _bग्रंथ शिल्पी भारत _c2010 |
||
| 300 |
_a212पृ0 _ccm. |
||
| 700 | _a राजिमवाले, अनिल, अनु. | ||
| 942 |
_h4,1, 152Q0 _cTEXL _2cc |
||
| 999 |
_c1011380 _d1011380 |
||